| 000 | 00746nam a22001817a 4500 | ||
|---|---|---|---|
| 005 | 20260410103217.0 | ||
| 008 | 250219b |||||||| |||| 00| 0 eng d | ||
| 082 | _aUT B772 2023 | ||
| 100 |
_aBriones, Jamillah Aprille S. _965586 |
||
| 245 |
_aGrammatical competency in essays of english language learners of UM Digos college / _cJamillah Aprille S. Briones, Jamie Carylle Tecson, and Jovel Bea P. Abendan |
||
| 260 |
_aDigos City : _bUMDC, _c©September 2023. |
||
| 300 |
_aviii, 44 pages : _billustration (some colors) ; _c29 cm. |
||
| 500 | _aIncludes references and appendices. | ||
| 650 | 0 |
_aEducation _xUndergraduate thesis. _969748 |
|
| 700 |
_aTecson, Jamie Carylle _965587 |
||
| 700 |
_a Abendan, Jovel Bea P. _965588 |
||
| 942 |
_2ddc _cUT |
||
| 999 |
_c23531 _d23531 |
||